| 000 | 00470nam a2200169Ia 4500 | ||
|---|---|---|---|
| 008 | 230917s9999||||xx |||||||||||||| ||und|| | ||
| 020 | _cRS250 | ||
| 040 |
_e208504 _aMAIN |
||
| 041 | _aEnglish | ||
| 082 | _a647.94 N312H | ||
| 100 | _aJagmohan, Negi | ||
| 245 | 0 | _aHospitality reception and front office: Procedures and systems | |
| 260 |
_aNew Delhi _bS Chand _c2013 |
||
| 300 | _axii, 276 p. | ||
| 500 | _a2563 02/08/2013 5453 10/08/2013 Main Budget | ||
| 942 | _cBK | ||
| 999 |
_c20844 _d20844 |
||